Statistical methods in economics (A) (Record no. 9204)

MARC details
000 -LEADER
fixed length control field 00567cam a2200217ua 4500
008 - FIXED-LENGTH DATA ELEMENTS--GENERAL INFORMATION
fixed length control field 171011n ii |||gr||||Z||||||asm
020 ## - INTERNATIONAL STANDARD BOOK NUMBER
International Standard Book Number 9789382030171
040 ## - CATALOGING SOURCE
Transcribing agency MAIN
041 ## - LANGUAGE CODE
-- asm
082 ## - DEWEY DECIMAL CLASSIFICATION NUMBER
Classification number 330.015195
100 ## - MAIN ENTRY--PERSONAL NAME
Personal name Ahmed, Rofique,
Relator term
245 ## - TITLE STATEMENT
Title Statistical methods in economics (A)
Statement of responsibility, etc. By Rofique Ahmed and Debajit Saikia
250 ## - EDITION STATEMENT
Edition statement 2nd rev. ed.
260 ## - PUBLICATION, DISTRIBUTION, ETC.
Place of publication, distribution, etc. Jorhat:
Name of publisher, distributor, etc. Unika prakashan,
Date of publication, distribution, etc. 2014.
300 ## - PHYSICAL DESCRIPTION
Extent 517p.
700 ## - ADDED ENTRY--PERSONAL NAME
Personal name Saikia, Debajit,
Relator term
942 ## - ADDED ENTRY ELEMENTS (KOHA)
Koha item type Books
653 ## - INDEX TERM--UNCONTROLLED
Uncontrolled term Economics
653 ## - INDEX TERM--UNCONTROLLED
Uncontrolled term Econometrics
Holdings
Withdrawn status Lost status Damaged status Not for loan Home library Current library Shelving location Date acquired Total Checkouts Full call number Barcode Date last seen Date last checked out Copy number Price effective from Koha item type
        Naharkatiya College Library Naharkatiya College Library General Stacks 19/09/2020 2 330.015195 | AHM 23914 22/08/2023 09/08/2023 5 19/09/2020 Books
        Naharkatiya College Library Naharkatiya College Library General Stacks 19/09/2020 8 330.015195 | AHM 23915 01/02/2024 19/01/2024 4 19/09/2020 Books
        Naharkatiya College Library Naharkatiya College Library General Stacks 19/09/2020 4 330.015195 | AHM 23916 01/11/2023 11/10/2023 3 19/09/2020 Books
        Naharkatiya College Library Naharkatiya College Library General Stacks 19/09/2020 7 330.015195 | AHM 23917 10/10/2023 27/09/2023 2 19/09/2020 Books
        Naharkatiya College Library Naharkatiya College Library General Stacks 19/09/2020 3 330.015195 | AHM 23918 01/11/2023 11/10/2023 1 19/09/2020 Books

Naharkatiya College © 2020. All rights reserved.

Powered By